000 00374nam a2200133Ia 4500
008 151001s9999||||xx |||||||||||||| ||und||
100 _aअमित पंडित
245 _aगोष्ट एका पेनाची
250 _a1
260 _bविभासा पुस्तक महाल
260 _c2007
300 _a157
365 _b18
999 _c990022
_d990019